مكتبة جامعة عجلون الوطنية

فهرس بحث المكتبة

Women's muscle & strength : (Record no. 34026)

MARC details
000 -LEADER
fixed length control field 02747cam a2200433 i 4500
001 - CONTROL NUMBER
control field 23274858
003 - CONTROL NUMBER IDENTIFIER
control field JO-AjAnu
005 - DATE AND TIME OF LATEST TRANSACTION
control field 20251011085703.0
008 - FIXED-LENGTH DATA ELEMENTS--GENERAL INFORMATION
fixed length control field 230811s2025 ilua 000 0 eng
010 ## - LIBRARY OF CONGRESS CONTROL NUMBER
LC control number 2023036556
020 ## - INTERNATIONAL STANDARD BOOK NUMBER
International Standard Book Number 9781718217683
Qualifying information (paperback)
020 ## - INTERNATIONAL STANDARD BOOK NUMBER
Canceled/invalid ISBN 9781718217690
Qualifying information (epub)
020 ## - INTERNATIONAL STANDARD BOOK NUMBER
Canceled/invalid ISBN 9781718217706
Qualifying information (pdf)
035 ## - SYSTEM CONTROL NUMBER
System control number 23274858
040 ## - CATALOGING SOURCE
Original cataloging agency DLC
Language of cataloging eng
Description conventions rda
Transcribing agency DLC
Modifying agency DLC
-- DLC
-- JO-AjAnu
041 ## - LANGUAGE CODE
Language code of text/sound track or separate title eng
Language code of original eng
042 ## - AUTHENTICATION CODE
Authentication code pcc
050 00 - LIBRARY OF CONGRESS CALL NUMBER
Classification number GV546.6.W64
Item number G69 2025
082 00 - DEWEY DECIMAL CLASSIFICATION NUMBER
Classification number 613.7/13082
Edition number 23/eng/20230925
084 ## - OTHER CLASSIFICATION NUMBER
Classification number SPO006000
-- SPO047000
Number source bisacsh
100 1# - MAIN ENTRY--PERSONAL NAME
Personal name Gozo Shimonek, Betina,
Dates associated with a name 1986-
Relator term author.
245 10 - TITLE STATEMENT
Title Women's muscle & strength :
Remainder of title get lean, strong, and confident /
Statement of responsibility, etc. Betina Gozo Shimonek.
246 3# - VARYING FORM OF TITLE
Title proper/short title Women's muscle and strength
264 #1 - PRODUCTION, PUBLICATION, DISTRIBUTION, MANUFACTURE, AND COPYRIGHT NOTICE
Place of production, publication, distribution, manufacture Champaign, IL :
Name of producer, publisher, distributor, manufacturer Human Kinetics,
Date of production, publication, distribution, manufacture, or copyright notice [2025]
300 ## - PHYSICAL DESCRIPTION
Extent xvi, 237 pages :
Other physical details illustrations ;
Dimensions 24 cm
336 ## - CONTENT TYPE
Content type term text
Content type code txt
Source rdacontent
337 ## - MEDIA TYPE
Media type term unmediated
Media type code n
Source rdamedia
338 ## - CARRIER TYPE
Carrier type term volume
Carrier type code nc
Source rdacarrier
505 0# - FORMATTED CONTENTS NOTE
Formatted contents note Benefits of strength training for women -- Safety during strength training -- Equipment and movement foundations -- Getting started -- Part II: learning the exercises -- Carry, grip, and antimovement -- Knee dominant and hip dominant -- Horizontal and vertical push -- Horizontal and vertical pull -- Total body and rotational exercises -- Part III: programming for success -- Create your optimal program -- Gain strength -- Build sculpted muscle -- Get lean -- Improve muscle endurance.
520 ## - SUMMARY, ETC.
Summary, etc. "Women's Muscle & Strength provides details on benefits of strength training, safety tips during exercise, equipment and movement foundations, and getting started to those who new to a strength training program. The book contains 80 strength training exercises covering every area of the body. Detailed instructions and photos for each exercise are accompanied by variations, safety reminders, and tips. The book also includes four 12-week programs (encompassing 18 total workouts) organized by goal: gaining strength, building sculpted muscle, getting lean, or improving muscle endurance"--
Assigning source Provided by publisher.
650 #0 - SUBJECT ADDED ENTRY--TOPICAL TERM
Topical term or geographic name entry element Weight training for women.
650 #0 - SUBJECT ADDED ENTRY--TOPICAL TERM
Topical term or geographic name entry element Muscle strength.
650 #7 - SUBJECT ADDED ENTRY--TOPICAL TERM
Topical term or geographic name entry element SPORTS & RECREATION / Bodybuilding & Weightlifting
Source of heading or term bisacsh
650 #7 - SUBJECT ADDED ENTRY--TOPICAL TERM
Topical term or geographic name entry element SPORTS & RECREATION / Training
Source of heading or term bisacsh
776 08 - ADDITIONAL PHYSICAL FORM ENTRY
Relationship information Online version:
Main entry heading Gozo Shimonek, Betina, 1986-
Title Women's muscle & strength
Place, publisher, and date of publication Champaign, IL : Human Kinetics, [2025]
International Standard Book Number 9781718217690
Record control number (DLC) 2023036557
906 ## - LOCAL DATA ELEMENT F, LDF (RLIN)
a 7
b cbc
c orignew
d 1
e ecip
f 20
g y-gencatlg
942 ## - ADDED ENTRY ELEMENTS (KOHA)
Source of classification or shelving scheme Library of Congress Classification
Koha item type Books
Suppress in OPAC No
Holdings
Withdrawn status Lost status Source of classification or shelving scheme Damaged status Not for loan Home library Current library Date acquired Total Checkouts Full call number Barcode Date last seen Price effective from Koha item type
    Library of Congress Classification     مكتبة جامعة عجلون الوطنية مكتبة جامعة عجلون الوطنية 11/10/2025   GV546.6.W64.G69 2025 e4059 11/10/2025 11/10/2025 Books